الدليل العملي لربط الجامعات بالنمو الاقليمي : (Record no. 3666)
[ view plain ]
| 000 -LEADER | |
|---|---|
| fixed length control field | 01362nam a2200241 ar4500 |
| 001 - CONTROL NUMBER | |
| control field | 3668 |
| 005 - DATE AND TIME OF LATEST TRANSACTION | |
| control field | 20221127090803.0 |
| 008 - FIXED-LENGTH DATA ELEMENTS--GENERAL INFORMATION | |
| fixed length control field | 140128s su a 00010 ara d |
| 020 ## - INTERNATIONAL STANDARD BOOK NUMBER | |
| International Standard Book Number | 9789960171562 |
| 082 04 - DEWEY DECIMAL CLASSIFICATION NUMBER | |
| Classification number | 378.01 |
| Item number | ق605 |
| 100 1# - MAIN ENTRY--PERSONAL NAME | |
| Personal name | قودارد، جون. |
| 245 12 - TITLE STATEMENT | |
| Title | الدليل العملي لربط الجامعات بالنمو الاقليمي : |
| Remainder of title | دليل يهدف الى تطوير اسهام الجامعات في التنمية الاقليمية ... / |
| Statement of responsibility, etc. | اعداد جون قودارد، مساعدة لويس كيمبتون ؛ ترجمة بدور بنت عبدالرحمن ابو عمه. |
| 260 ## - PUBLICATION, DISTRIBUTION, ETC. | |
| Place of publication, distribution, etc. | الرياض : |
| Name of publisher, distributor, etc. | وزارة التعليم العالي، |
| Date of publication, distribution, etc. | 2013[1435]. |
| 300 ## - PHYSICAL DESCRIPTION | |
| Extent | 152 ص. : |
| Other physical details | ايض. ملونة ؛ |
| Dimensions | 24 سم. |
| 440 #0 - SERIES STATEMENT/ADDED ENTRY--TITLE | |
| Title | سلسلة اصدارات مركز البحوث والدراسات ؛ |
| Volume/sequential designation | 23. |
| 500 ## - GENERAL NOTE | |
| General note | ترجمة لكتاب : Connecting universities to regional growth / J. Goodard, Louise Kempton. 2011. |
| 504 ## - BIBLIOGRAPHY, ETC. NOTE | |
| Bibliography, etc. note | يتضمن ارجاعات ببليوجرافية. |
| 650 #4 - SUBJECT ADDED ENTRY--TOPICAL TERM | |
| Topical term or geographic name entry element | التعليم العالي |
| General subdivision | تخطيط. |
| 650 #4 - SUBJECT ADDED ENTRY--TOPICAL TERM | |
| Topical term or geographic name entry element | التعليم العالي |
| General subdivision | اقتصاديات. |
| 650 #4 - SUBJECT ADDED ENTRY--TOPICAL TERM | |
| Topical term or geographic name entry element | الجامعات والكليات |
| General subdivision | اغراضه واهدافه. |
| 700 0# - ADDED ENTRY--PERSONAL NAME | |
| Personal name | كيمبتون، لويس، |
| Relator term | م. مشارك. |
| 700 0# - ADDED ENTRY--PERSONAL NAME | |
| Personal name | ابو عمه، بدور بنت عبدالرحمن، |
| Relator term | مترجم. |
| Withdrawn status | Lost status | Source of classification or shelving scheme | Damaged status | Not for loan | Home library | Current library | Date acquired | Total Checkouts | Full call number | Barcode | Date last seen | Copy number | Price effective from | Koha item type |
|---|---|---|---|---|---|---|---|---|---|---|---|---|---|---|
| 11/27/2022 | 378.01 DE605 | 10000000013014 | 11/27/2022 | ل 1 | 11/27/2022 | Book | ||||||||
| 11/27/2022 | 378.01 DE605 | 10000000013013 | 11/27/2022 | ل 2 | 11/27/2022 | Book | ||||||||
| CENTRAL | CENTRAL | 11/27/2022 | 378.01 DE605 | 1000000008065 | 11/27/2022 | C1 | 11/27/2022 | Book | ||||||
| CENTRAL | CENTRAL | 11/27/2022 | 378.01 DE605 | 1000000008064 | 11/27/2022 | C2 | 11/27/2022 | Book |
